ბათუმის შოთა რუსთაველის სახელმწიფო უნივერსიტეტის ბიბლიოთეკა

ქართული ლიტერატურული კრიტიკის ისტორიისათვის : ქრესტომათია. წ. 1 / (ბიბ.ჩანაწერი № 55920)

000 -ლიდერი
ფიქსირებული სიგრძის საკონტროლო ველი 01492nam a2200241Ia 4500
001 - საკონტროლო ნომერი
საკონტროლო ველი 23018
003 - საკონტროლო ნომრის იდენტიფიკატორი
საკონტროლო ველი GE_BSU
005 - ბოლო ოპერაციის თარიღი და დრო
საკონტროლო ველი 20230626120814.0
008 - ფიქსირებული სიგრძის მონაცემთა ელემენტები - ზოგადი ინფორმაცია
ფიქსირებული სიგრძის საკონტროლო ველი 181216s1954||||ge |||||||||||||| ||geo||
040 ## - კატალოგიზაციის წყარო
Transcribing agency GE_BSU
041 ## - ენის კოდი
Language code of text/sound track or separate title geo
080 ## - უნივერსალური ათობითი კლასიფიკაციის ინდექსი
Universal Decimal Classification number 821.353.1.09(082) ქ-27
245 ## - ცნობა სათაურის შესახებ
Title ქართული ლიტერატურული კრიტიკის ისტორიისათვის : ქრესტომათია. წ. 1 /
Statement of responsibility, etc შეადგინა და წინასიტყვაობა, შესავალი, შენიშვნები და საძიებელი დაურთო ს. ხუციშვილმა ; რედ. გ. ჯიბლაძე.
250 ## - გამოცემის ცნობა
Edition statement საქ. სსრ განათლების სამინისტრო
264 ## - წარმოების, გამოცემის, დისტრიბუციის და სხვა ცნობები
გამოცემის, წარმოების, დისტრიბუციის... ადგილი თბილისი :
გამოცემის, წარმოების, დისტრიბუციის... სახელწოდება სამეცნ.-მეთოდ. კაბინეტის გამ-ბა,
გამოცემის, წარმოების, დისტრიბუციის... თარიღი 1954.
300 ## - ფიზიკური აღწერა
Extent 442 გვ. ;
Dimensions 22 სმ.
653 ## - INDEX TERM--UNCONTROLLED
Uncontrolled term ქართული ლიტერატურა
653 ## - INDEX TERM--UNCONTROLLED
Uncontrolled term ქართული ლიტერატურული კრიტიკის ისტორიისათვის : ქრესტომათია. წ. 1
700 ## - ADDED ENTRY--PERSONAL NAME
Personal name ჯიბლაძე, გ.
Relator term რედაქტორი
9 (RLIN) 18966
710 ## - ADDED ENTRY--CORPORATE NAME
Corporate name or jurisdiction name as entry element საქართველოს სსრ განათლების სამინისტრო
9 (RLIN) 18967
942 ## - ADDED ENTRY ELEMENTS (KOHA)
Koha item type წიგნი
Source of classification or shelving scheme
ეგზემპლარები
ჩამოწერის სტატუსი დაკარგული ეგზემპლარის სტატუსი კლასიფიკაციის წყარო ან თაროზე გაწყობის სქემა დაზიანების სტატუსი არ გაიცემა მუდმივი მდებარეობა (დაცვის ადგილი) ამჟამინდელი ადგილსამყოფელი თაროზე განთავსების ადგილი შეძენის თარიღი ღირებულება, შესყიდვის ნორმალური ფასი სრული შენახვის შიფრი შტრიხკოდი ბოლო ოპერაციის თარიღი ეგზემპლარის მიმდევრობითი ნომერი (კეტერი?) ფასის ძალაში შესვლის თარიღი ეგზემპლარის სახეობა საჯარო შენიშვნა
          ბათუმის შოთა რუსთაველის სახელმწიფო უნივერსიტეტის მთავარი ბიბლიოთეკა ბათუმის შოთა რუსთაველის სახელმწიფო უნივერსიტეტის მთავარი ბიბლიოთეკა წიგნსაცავი 2018-12-17 2.42 821.353.1.09(082) ქ-27 58441 2018-12-17 58441 2018-12-17 წიგნი 2.42 ₾.